00738 2200169 4500245003300000020002200033250002200055100001800077650002000095005001900115260003800134041001400172084000800186300002800194500033700222336000900559 aEdensorcAndrea HiratahText a978-602-7888-98-2 aCet. 1 Ed. Revisi aAndrea Hirata aNovel Indonesia a20240520101140 aYogyakartabBentang Pustakac2013 aIndonesia a813 ax, 294 hlm. :c20.5 cm. aAndrea Hinata adalah novelis Indonesia yang lahir dan besar di Pulau Belitong. Ia lulus cum laude dari program master, Jurusan Economic Science, Sheffield Hallam University, United Kingdom. Pada 2010 Andrea mendapat beasiswa untuk belajar sastra pada program IWP (International Writing Program), University of lowa, Amerika Serikat. atext